000 01340cam a22002415a 4500
001 L150157
008 100608s2010 xxka f 000 0 eng d
020 _a9780117068445
035 _a(Sirsi) u150157
041 0 _aeng
050 0 4 _a690.241 $2 18
110 2 _aPrince's Regeneration Trust
_95864
245 0 4 _aThe green guide for historic buildings: how to improve the environmental performance of listed and historic buildings
260 _aNorwich
_bTSO
_c2010
300 _a123p.
_bcol. ill.
_c25cm.
505 2 _aAbout the guide -- Statutory requirements, targets and policy -- Planning a sustainable project -- Reducing demand for energy and resources: the building fabric and contents -- Moving to cleaner energy -- Adapting to the impacts of climate change -- Reducing demand for energy and resources: the building in use -- Summary
520 _aOffers advice on energy conservation and using renewable energy in historic buildings. Discusses the work itself, the statutory permissions required, funding, and suppliers. Also uses successful case studies to illustrate these points.
590 _aKA
651 4 _aUnited Kingdom
_y
690 _aBUILT ENVIRONMENT-BUILDING TYPES-ANCIENT MONUMENTS AND HISTORIC BUILDINGS
690 _aENVIRONMENTAL AND LAND CONSULTANCY-ENERGY-ENERGY USE-ENERGY EFFICIENCY
942 _n0
999 _c110758
_d110758